[Event "Wch U14 Girls"]
[Site "Batumi"]
[Date "2006.10.26"]
[Round "9"]
[White "Paikidze, Nazi"]
[Black "Yu, Hualin"]
[Result "1-0"]
[WhiteElo "2141"]
[BlackElo "2087"]
[PlyCount "119"]
[EventDate "2006.10.19"]
[EventType "swiss"]
[EventRounds "13"]
[EventCountry "GEO"]
[SourceTitle "EXT 2007"]
[Source "ChessBase"]
[SourceDate "2006.11.23"]
[SourceVersion "1"]
[SourceVersionDate "2006.11.23"]
[SourceQuality "1"]

1. d4 Nf6 2. c4 g6 3. Nc3 Bg7 4. e4 d6 5. Nf3 0-0 6. h3 c5 7. d5 e6 8. Bd3 exd5 9. exd5 a6 10. a4 Nbd7 11. 0-0 Qc7 12. Re1 Nh5 13. g4 Nhf6 14. Bf4 h5 15. g5 Ne8 16. Qe2 Nb6 17. a5 Nd7 18. Ne4 Ne5 19. Bxe5 dxe5 20. Ng3 Bxh3 21. Nxe5 Bxe5 22. Qxe5 Qxe5 23. Rxe5 Nd6 24. Rae1 Rfd8 25. f4 Kf8 26. Ne4 Nxe4 27. Bxe4 Rd6 28. Re3 Bg4 29. f5 gxf5 30. Bxf5 Bxf5 31. Rxf5 Re8 32. Ref3 Re7 33. b4 cxb4 34. c5 Rg6 35. d6 Rd7 36. Kf2 Kg7 37. Ke3 Re6+ 38. Kd4 Re1 39. Kc4 h4 40. R5f4 Rg1 41. Rxh4 Rxg5 42. Kxb4 Rg1 43. Re4 Rb1+ 44. Kc4 Kf8 45. Rfe3 Rc1+ 46. Kd5 Rd1+ 47. Ke5 Rc1 48. Kd5 Rd1+ 49. Rd4 Rc1 50. Rh3 Ra1 51. Rg4 Rd1+ 52. Kc4 Rc1+ 53. Kd4 Rd1+ 54. Kc3 Rc1+ 55. Kd4 Rd1+ 56. Kc3 Rc1+ 57. Kd2 f5 58. Rh8+ Kf7 59. Rh7+ Kf6 60. Rxd7 1-0

[Event "Wch U14 Girls"]
[Site "Batumi"]
[Date "2006.10.25"]
[Round "7"]
[White "Kulon, Klaudia"]
[Black "Yu, Hualin"]
[Result "1-0"]
[WhiteElo "2107"]
[BlackElo "2087"]
[PlyCount "63"]
[EventDate "2006.10.19"]
[EventType "swiss"]
[EventRounds "13"]
[EventCountry "GEO"]
[SourceTitle "EXT 2007"]
[Source "ChessBase"]
[SourceDate "2006.11.23"]
[SourceVersion "1"]
[SourceVersionDate "2006.11.23"]
[SourceQuality "1"]

1. e4 c5 2. Nf3 e6 3. d4 cxd4 4. Nxd4 a6 5. Bd3 Bc5 6. Nb3 Be7 7. Be3 Qc7 8. Qe2 Nf6 9. f4 d6 10. N1d2 Nbd7 11. 0-0-0 b5 12. g4 Nb6 13. g5 Nfd7 14. Kb1 Nc5 15. Rc1 Bd7 16. Nxc5 dxc5 17. c4 b4 18. e5 Bc6 19. Be4 0-0-0 20. Rhd1 Na4 21. Qf3 Kb7 22. Nb3 Kb6 23. h4 h6 24. gxh6 Rxh6 25. Rxd8 Bxe4+ 26. Qxe4 Qxd8 27. a3 a5 28. Nxa5 Kxa5 29. Qb7 Qb6 30. axb4+ Kxb4 31. Bd2+ Kb3 32. Qf3+ 1-0

[Event "Wch U14 Girls"]
[Site "Batumi"]
[Date "2006.10.25"]
[Round "8"]
[White "Yu, Hualin"]
[Black "Muzychuk, Mariya"]
[Result "0-1"]
[WhiteElo "2087"]
[BlackElo "2278"]
[PlyCount "80"]
[EventDate "2006.10.19"]
[EventType "swiss"]
[EventRounds "13"]
[EventCountry "GEO"]
[SourceTitle "EXT 2007"]
[Source "ChessBase"]
[SourceDate "2006.11.23"]
[SourceVersion "1"]
[SourceVersionDate "2006.11.23"]
[SourceQuality "1"]

1. e4 c5 2. Nf3 e6 3. d4 cxd4 4. Nxd4 a6 5. Bd3 Bc5 6. Nb3 Ba7 7. Qe2 Nc6 8. Be3 Nge7 9. c4 e5 10. Nc3 d6 11. Bxa7 Rxa7 12. 0-0 0-0 13. Rfd1 Be6 14. Qd2 Qb8 15. Be2 Rd8 16. Nd5 b5 17. cxb5 axb5 18. Rdc1 f5 19. Nxe7+ Nxe7 20. exf5 Nxf5 21. Bg4 Qa8 22. Bf3 d5 23. Nc5 Bf7 24. a3 Nd6 25. Re1 Rc8 26. Rac1 Nc4 27. Qb4 Rac7 28. Nb3 Qa7 29. Bg4 Rf8 30. Re2 d4 31. Rd1 Qb6 32. h3 Bg6 33. Ree1 Nxb2 34. Rd2 Nd3 35. Rxd3 Bxd3 36. Rxe5 Bc4 37. Nc5 Qd6 38. Ne6 Qxb4 39. axb4 Re7 40. Re4 Rfe8 0-1

[Event "Wch U14 Girls"]
[Site "Batumi"]
[Date "2006.10.22"]
[Round "4"]
[White "Le, Hoang Tran Chau"]
[Black "Yu, Hualin"]
[Result "0-1"]
[WhiteElo "2072"]
[BlackElo "2087"]
[PlyCount "176"]
[EventDate "2006.10.19"]
[EventType "swiss"]
[EventRounds "13"]
[EventCountry "GEO"]
[SourceTitle "EXT 2007"]
[Source "ChessBase"]
[SourceDate "2006.11.23"]
[SourceVersion "1"]
[SourceVersionDate "2006.11.23"]
[SourceQuality "1"]

1. d4 Nf6 2. Nf3 g6 3. c4 Bg7 4. Nc3 0-0 5. e4 d6 6. Be2 e5 7. dxe5 dxe5 8. Bg5 c6 9. Qxd8 Rxd8 10. Nxe5 Re8 11. f4 h6 12. Bxf6 Bxf6 13. 0-0-0 Bxe5 14. fxe5 Be6 15. Rd6 Nd7 16. Rhd1 Nxe5 17. b3 h5 18. Bf3 Bg4 19. Bxg4 hxg4 20. Ne2 Kg7 21. Ng1 Rh8 22. h3 gxh3 23. gxh3 Rh4 24. Re1 Re8 25. Kd2 Re7 26. Re3 Rf4 27. Ne2 Rf1 28. Nc1 f6 29. a4 Nf7 30. Rd4 Ng5 31. Kc2 Rh1 32. e5 fxe5 33. Rh4 Rf7 34. Nd3 Nf3 35. Rhe4 Rxh3 36. Nxe5 Rh2+ 37. Kc3 Nxe5 38. Rxe5 Rhf2 39. Kb4 R2f5 40. Re6 g5 41. Rg3 a5+ 42. Ka3 Rc7 43. Rg4 b5 44. axb5 cxb5 45. cxb5 Rxb5 46. Ka4 Rf5 47. Ka3 Rc3 48. Ra4 Rb5 49. Rd4 Rcxb3+ 50. Ka2 Rf3 51. Rd7+ Rf7 52. Rdd6 Rbf5 53. Rg6+ Kh7 54. Ra6 Re7 55. Kb3 Rd7 56. Kc3 Rc5+ 57. Kb3 Rb7+ 58. Ka3 Rf5 59. Ka2 Rf2+ 60. Ka3 Rf3+ 61. Ka2 Re7 62. Rh6+ Kg7 63. Rh2 Re5 64. Kb1 Ref5 65. Kc1 Rf1+ 66. Kd2 R1f2+ 67. Rxf2 Rxf2+ 68. Ke3 Rf6 69. Rxa5 Kg6 70. Ra8 Kh5 71. Ke4 Kg4 72. Ke5 Rf3 73. Ra1 Kh3 74. Ke4 Rf8 75. Ra3+ Kh4 76. Ra7 g4 77. Rh7+ Kg3 78. Rg7 Kh3 79. Ke3 g3 80. Ke2 Kg2 81. Rg6 Re8+ 82. Kd3 Kf2 83. Rf6+ Kg1 84. Rg6 g2 85. Rg7 Rh8 86. Ke2 Kh2 87. Kf2 g1Q+ 88. Rxg1 Rf8+ 0-1

[Event "Wch U14 Girls"]
[Site "Batumi"]
[Date "2006.10.21"]
[Round "3"]
[White "Yu, Hualin"]
[Black "Pon, Namasivayam Krithik"]
[Result "1/2-1/2"]
[WhiteElo "2087"]
[BlackElo "2031"]
[PlyCount "40"]
[EventDate "2006.10.19"]
[EventType "swiss"]
[EventRounds "13"]
[EventCountry "GEO"]
[SourceTitle "EXT 2007"]
[Source "ChessBase"]
[SourceDate "2006.11.23"]
[SourceVersion "1"]
[SourceVersionDate "2006.11.23"]
[SourceQuality "1"]

1. e4 Nf6 2. e5 Nd5 3. d4 d6 4. Nf3 g6 5. Bc4 c6 6. 0-0 Bg7 7. Nbd2 0-0 8. c3 dxe5 9. Nxe5 Nd7 10. Ndf3 Nxe5 11. Nxe5 Be6 12. Qe2 Qd6 13. a4 c5 14. Re1 cxd4 15. cxd4 Rac8 16. Bd2 Rfd8 17. a5 Nc7 18. Bc3 Nd5 19. Bd2 Nc7 20. Bc3 Nd5 1/2-1/2